thaï gl series - Statistiques

Statistiques générales
  • Ce quiz a été pris 45 fois
  • Le résultat moyen est 14 sur 16
Statistiques - réponses
Par images Réponse % Correct
gap
94%
pluto
94%
the loyal pin
94%
clairebell
91%
us
91%
blank
88%
dangerous queen
84%
harmony secret
84%
my safe zone
84%
petrichor
84%
queendom
84%
love design
81%
only you
81%
whale store
81%
reverse with me
78%
poisonous love
75%
Aucun quiz correspondant
Distribution des résultats
% des personnes avec chaque résultat
Percentile par nombre de réponses
Votre historique - résultats
Vous n’avez pas pris ce quiz